Statistics for Disney PIXAR Characters by Letter - J

Click here to take the quiz!

General Stats

  • This quiz has been taken 88 times
  • The average score is 6 of 13

Answer Stats

Movie/ShortDescriptionCharacter% Correct
Inside OutThe yellow emotion which is happy all the timeJoy
91%
Toy Story 2, Toy Story 3A cowgirl with her trusty steed, BullseyeJessie
87%
Monsters Inc, Monsters UniversityA big, blue-and-purple monster; Mike's best friendJames P. Sullivan
69%
The IncrediblesThe baby of the Incredible familyJack-Jack Parr
50%
Finding NemoA cleaning shrimp who disinfects every new tank memberJacques
44%
WALLEA man who lives on the Axiom and has an encounter with WALLEJohn
38%
Cars 2Jeff Gorvette's crew chief, whose name is a pun of the director of PIXARJohn Lassetire
38%
Finding DoryDory's motherJenny
32%
Inside OutA clown that is in the Nightmare JailJangles the Clown
31%
Cars 2The car version of Jeff GordonJeff Gorvette
22%
Monsters UniversityThe president of Roar Omega RoarJohnny J. Worthington III
19%
Monsters IncA red, seven-fingered monster who manages Scare Floor FJerry
15%
CarsThe semi truck that Lightning McQueen mistook for MackJerry Recycled Batteries
15%

Score Distribution

Percentile by Number Answered

Percent of People with Each Score

Your Score History

You have not taken this quiz